Normal view
MARC view
Entry Personal Name
001 - CONTROL NUMBER
- control field: 1237027
003 - CONTROL NUMBER IDENTIFIER
- control field: OSt
005 - DATE AND TIME OF LATEST TRANSACTION
- control field: 20260430150301.0
008 - FIXED-LENGTH DATA ELEMENTS
- fixed length control field: 260430|| aca||aabn | a|a d
040 ## - CATALOGING SOURCE
- Original cataloging agency: OSt
- Transcribing agency: OSt
100 ## - HEADING--PERSONAL NAME
- Personal name: Sharma Akshima Au.; Aggarwal Savita Gu.; Punhani Geeta Gu
670 ## - SOURCE DATA FOUND
- Source citation: Work cat.: (OSt)1849415: Sharma Akshima Au.; Aggarwal Savita Gu.; Punhani Geeta Gu., Effectiveness of ICT Enabled Maternal and Child Health Program from the User's Persspective in Rural India: Impact of Digital Literacy Training, 2022
